000 005220000a22001810004500
003 MACL
005 20160401124422.0
008 160401b xxu||||| |||| 00| 0 eng d
040 _aMACL
_cMACL
041 _aHindi
082 _a370
100 _aविजय बहादुर सिंह
_940777
245 _aस्‍कूल दूसरा
260 _bश्रेया प्रकाशन
_c2010
_aइलाहाबाद
350 _a200
650 _aEducation
_949572
942 _cHIN
_k370/SIN
_2ddc
999 _c45482
_d45482